All Modern Day Countries İn The 1st Turkic Khanate Quiz - Statistics

General Stats
  • This quiz has been taken 16 times
  • The average score is 17 of 19
Answer Stats
Status Country % Correct
İnvaded China
100%
Disputed İndia
100%
İnvaded İran
100%
İnvaded Russia
100%
İnvaded Armenia
93%
İnvaded Azerbaijan
93%
İnvaded Georgia
93%
İnvaded Mongolia
93%
Disputed Pakistan
93%
İnvaded Tajikistan
93%
İnvaded Turkey
93%
İnvaded Uzbekistan
93%
İnvaded Kazakhstan
87%
İnvaded Kyrgyzstan
87%
İnvaded Turkmenistan
87%
İnvaded Afghanistan
80%
Disputed North Korea
80%
Disputed South Korea
80%
Disputed Ukraine
67%
No matching quizzes found
Score Distribution
Percent of People with Each Score
Percentile by Number Answered
Your Score History
You have not taken this quiz